| 000 | 02881cam a22004814i 4500 | ||
|---|---|---|---|
| 003 | PE-LiUPU | ||
| 005 | 20250731173410.0 | ||
| 008 | 150706s2005 ag r 000 0 spa d | ||
| 020 | _a987954739X | ||
| 035 | _a(Sirsi) i9789879547397 | ||
| 040 |
_aPE-LiUPU _bspa _cPE-LiUPU _erda |
||
| 049 | _aPRUA | ||
| 082 | 0 | 4 |
_a270 _bD52 1 _221 |
| 100 | 1 |
_aDeiros, Pablo A., _eautor. |
|
| 245 | 1 | 0 |
_aHistoria del cristianismo : _blos primeros 500 años / _cPablo A. Deiros. |
| 264 | 1 |
_aBuenos Aires : _bDel Centro, _c2005. |
|
| 300 |
_a238 páginas : _bilustraciones ; _c23 centímetros |
||
| 336 |
_atext _2rdacontent |
||
| 337 |
_aunmediated _2rdamedia |
||
| 338 |
_avolume _2rdacarrier |
||
| 504 | _aIncluye bibliografía. | ||
| 505 | 0 | _aEl cristianismo en el Imperio Romano -- El lugar, el tiempo y el propósito -- Factores que contribuyeron a la expansión del cristianismo -- Un mundo urbano -- El surgimiento de la iglesia -- La iglesia y su misión -- La oposición del cristianismo -- El primer emperador pro-cristiano -- El cristianismo más allá del imperio romano -- El primer reino cristiano: Edesa -- La primera nación cristiana: Armenia -- Los cristianos de Partia -- Los cristianos de Persia -- El cristianismo en Etiopía -- El cristianismo en Arabia e India -- Los bárbaros del norte de Europa -- El cristianismo en las Islas Británicas -- El cristianismo en la Península Ibérica -- El cristianismo en el imperio Bizantino -- El lugar y las circunstancias -- Desarrollo del Imperio Bizantino -- Cosmovisión y cultura -- Iglesia, estado y sociedad -- Cristiandad bizantina postnicena -- El siglo quinto -- El siglo sexto -- La vida y ministerio de la iglesia -- Los problemas del cristianismo primitivo -- El problema de las Escrituras -- El problema del credo -- El problema de la ética -- El problema de la eclesiología -- El problema de las controversias teológicas -- El problema de la mundanalidad -- El problema de la ideología -- Mirada retrospectiva y prospectiva. | |
| 526 | _aSEG42 | ||
| 526 | _aSEG41 | ||
| 526 | _aSEG40 | ||
| 526 | _aSEG39 | ||
| 526 | _aP94 | ||
| 526 | _aP87 | ||
| 526 | _aP86 | ||
| 526 | _aP85 | ||
| 526 | _aP77 | ||
| 526 | _aP76 | ||
| 526 | _aP35 | ||
| 541 | _g0010000546; | ||
| 650 | 0 | 4 |
_aIglesia primitiva _xHistoria. |
| 650 | 0 | 4 |
_aCristianismo _xHistoria. |
| 910 |
_agl _bjv _clch _d20111031 |
||
| 942 |
_2ddc _cBOOK |
||
| 949 |
_a270 D52 1 _wDEWEY _c1 _i63922 _lCCODEBUL1 _mBUL _p12.00 _r0 _sY _tBOOK _u2015-7-6 _xTEOLOGIA _PP35 _o.STAFF. Colección Teología |
||
| 994 |
_aC0 _bPEPRU |
||
| 596 | _a1 | ||
| 999 |
_a270 D52 1 _wDEWEY _c52780 _i63922 _d52780 _e2018-5-7 _f2021-11-10 _g5 _lCCODEBUL1 _mBUL _n6 _p12.00 _q11 _r0 _sY _tBOOK _u2015-7-6 _xTEOLOGIA _PP35 _0COMPRA _o.STAFF. Colección Teología |
||
| 980 |
_81 _gALBERTO SANCHEZ Responsable de Automatización |
||